| 000 | 00506nam a22001697a 4500 | ||
|---|---|---|---|
| 003 | OSt | ||
| 005 | 20250722163948.0 | ||
| 008 | 250722b |||||||| |||| 00| 0 eng d | ||
| 040 | _cAIMIT LIBRARY | ||
| 082 |
_21 _aGANK _b658.4033 |
||
| 100 |
_aGanesh K _9219728 |
||
| 245 |
_aMastering Disruption a practical guide to understanding : _bNew age business models / _cBy K. Ganesh. |
||
| 250 | _a1st ed. | ||
| 260 |
_aHaryana : _bPenguin Random House India , _c2025. |
||
| 300 |
_bPB _c21.5 |
||
| 942 |
_2ddc _cBK |
||
| 999 |
_c234651 _d234651 |
||